| 000 | 01096nam a2200277Ia 4500 | ||
|---|---|---|---|
| 001 | ebr10174037 | ||
| 003 | CaPaEBR | ||
| 006 | m u | ||
| 007 | cr cn||||||||| | ||
| 008 | 060417s2006 si a sb 001 0 eng d | ||
| 020 | _z9812563423 | ||
| 040 |
_aCaPaEBR _cCaPaEBR |
||
| 035 | _a(OCoLC)614962320 | ||
| 050 | 1 | 4 |
_aQC793.3.B4 _bN45 2006eb |
| 100 | 1 | _aNg, King-Yuen. | |
| 245 | 1 | 0 |
_aPhysics of intensity dependent beam instabilities _h[electronic resource] / _cK.Y. Ng. |
| 260 |
_aSingapore ; _aHackensack, N.J. : _bWorld Scientific, _cc2006. |
||
| 300 |
_axviii, 776 p. : _bill. |
||
| 504 | _aIncludes bibliographies and index. | ||
| 533 |
_aElectronic reproduction. _bPalo Alto, Calif. : _cebrary, _d2009. _nAvailable via World Wide Web. _nAccess may be limited to ebrary affiliated libraries. |
||
| 650 | 0 | _aParticle beam instabilities. | |
| 650 | 0 | _aParticle accelerators. | |
| 655 | 7 |
_aElectronic books. _2local |
|
| 710 | 2 | _aebrary, Inc. | |
| 856 | 4 | 0 |
_uhttp://site.ebrary.com/lib/rucke/Doc?id=10174037 _zAn electronic book accessible through the World Wide Web; click to view |
| 999 |
_c138269 _d138269 |
||